[Event "30. Ciudad de Sevilla 2014"]
[Site "Sevilla ESP"]
[Date "2014.01.13"]
[Round "4.14"]
[White "Munoz Gonzalo, David"]
[Black "Martin Perez, Javier"]
[Result "1-0"]
[WhiteElo "1857"]
[BlackElo "2051"]
[PlyCount "61"]
[EventDate "2014.01.10"]
[EventType "swiss"]
[EventRounds "9"]
[EventCountry "ESP"]
[Source "lmi"]
[SourceDate "2014.01.10"]

1. Nf3 d5 2. g3 Nf6 3. Bg2 g6 4. O-O Bg7 5. d4 O-O 6. c4 c6 7. Nc3 Nbd7 8. cxd5
cxd5 9. Bf4 a6 10. Ne5 e6 11. Nxd7 Bxd7 12. Bd6 Re8 13. Qb3 Bc6 14. Bc5 Nd7 15.
e3 Nxc5 16. dxc5 Qa5 17. Rac1 Bf8 18. Qb6 Qxb6 19. cxb6 Bb4 20. e4 Bxc3 21.
exd5 exd5 22. Rxc3 Re2 23. Rb1 Rae8 24. f4 Rd2 25. a3 Ree2 26. Bf1 Rxh2 27.
Rxc6 bxc6 28. b4 Rhe2 29. Bxe2 Rxe2 30. Rc1 Re6 31. b7 1-0

[Event "30. Ciudad de Sevilla 2014"]
[Site "Sevilla ESP"]
[Date "2014.01.13"]
[Round "4.15"]
[White "Jimenez Morales, Miguel"]
[Black "Van Hoolandt, Patrick"]
[Result "0-1"]
[WhiteElo "1843"]
[BlackElo "2199"]
[PlyCount "66"]
[EventDate "2014.01.10"]
[EventType "swiss"]
[EventRounds "9"]
[EventCountry "ESP"]
[Source "lmi"]
[SourceDate "2014.01.10"]

1. d4 Nf6 2. Bg5 e6 3. Bxf6 Qxf6 4. e3 c5 5. c3 b6 6. Nf3 Nc6 7. Be2 g5 8. Nbd2
cxd4 9. Nxd4 Nxd4 10. cxd4 Be7 11. Qa4 O-O 12. Bf3 d5 13. Rc1 Bd8 14. h4 gxh4
15. Nc4 Qe7 16. Ne5 Qe8 17. Qxe8 Rxe8 18. Bh5 Rf8 19. g3 f6 20. Nc6 hxg3 21.
Rg1 Kh8 22. Rxg3 Bc7 23. Rh3 e5 24. Rh1 Bd6 25. b4 Bf5 26. b5 a6 27. bxa6 Rxa6
28. Kf1 Rxa2 29. Bd1 Bd3+ 30. Ke1 exd4 31. Bb3 Re2+ 32. Kd1 dxe3 33. fxe3 Rb2
0-1

[Event "30. Ciudad de Sevilla 2014"]
[Site "Sevilla ESP"]
[Date "2014.01.13"]
[Round "4.16"]
[White "Carretero Ortiz, Francisco"]
[Black "Rodriguez Rodriguez, Alvaro"]
[Result "1/2-1/2"]
[WhiteElo "2251"]
[BlackElo "1968"]
[PlyCount "50"]
[EventDate "2014.01.10"]
[EventType "swiss"]
[EventRounds "9"]
[EventCountry "ESP"]
[Source "lmi"]
[SourceDate "2014.01.10"]

1. Nc3 c5 2. Nf3 Nf6 3. e4 d6 4. d4 cxd4 5. Qxd4 a6 6. Be3 Nc6 7. Qb6 Qxb6 8.
Bxb6 g6 9. O-O-O Bg7 10. e5 dxe5 11. Nxe5 O-O 12. Nxc6 bxc6 13. Bc4 Bf5 14. f3
g5 15. g4 Bg6 16. Rhe1 e6 17. Rd6 Rfc8 18. Na4 Nd5 19. Bf2 Rc7 20. Bg3 Bf8 21.
Rxd5 cxd5 22. Bxc7 Rc8 23. Bxa6 Rxc7 24. Re2 Ra7 25. Bb5 Ra5 1/2-1/2

[Event "30. Ciudad de Sevilla 2014"]
[Site "Sevilla ESP"]
[Date "2014.01.13"]
[Round "4.17"]
[White "Vallbona Domingo, Joan"]
[Black "Urbina Perez, Juan Antonio"]
[Result "1-0"]
[WhiteElo "1968"]
[BlackElo "2183"]
[PlyCount "103"]
[EventDate "2014.01.10"]
[EventType "swiss"]
[EventRounds "9"]
[EventCountry "ESP"]
[Source "lmi"]
[SourceDate "2014.01.10"]

1. Nf3 d5 2. c4 c6 3. g3 Nf6 4. Bg2 g6 5. b3 Bg7 6. Bb2 O-O 7. O-O Bf5 8. d3
Qc8 9. Re1 Re8 10. Nbd2 Bg4 11. Rc1 dxc4 12. bxc4 Nbd7 13. d4 Qd8 14. h3 Bxf3
15. Nxf3 Qb6 16. Qc2 Qa6 17. Bf1 c5 18. e3 h6 19. Rb1 Rac8 20. Ba1 Nh7 21. Qb3
Rc7 22. d5 Bxa1 23. Rxa1 Qf6 24. Bg2 Qa6 25. Nd2 Nhf8 26. h4 h5 27. a4 Qf6 28.
Ne4 Qf5 29. d6 Rc6 30. dxe7 Rxe7 31. Qxb7 Rb6 32. Qd5 Re5 33. Qd3 Rb2 34. Qc3
Rb6 35. a5 Rb8 36. Nd6 Qf6 37. Rad1 Re6 38. Qxf6 Nxf6 39. Nb5 Ra6 40. Rd6 Rxd6
41. Nxd6 Rb4 42. Ra1 Ne6 43. a6 Nc7 44. Nc8 Nfe8 45. Nxa7 Rb6 46. Bb7 Nd6 47.
Nb5 Ndxb5 48. cxb5 Rxb5 49. Bc6 c4 50. a7 c3 51. a8=Q+ Nxa8 52. Rxa8+ 1-0

[Event "30. Ciudad de Sevilla 2014"]
[Site "Sevilla ESP"]
[Date "2014.01.13"]
[Round "4.18"]
[White "Lopez Munoz, Manuel"]
[Black "Mcmahon, Daire"]
[Result "1/2-1/2"]
[WhiteElo "1962"]
[BlackElo "2157"]
[PlyCount "68"]
[EventDate "2014.01.10"]
[EventType "swiss"]
[EventRounds "9"]
[EventCountry "ESP"]
[Source "lmi"]
[SourceDate "2014.01.10"]

1. Nf3 Nf6 2. d4 b6 3. g3 Bb7 4. Bg2 g6 5. O-O Bg7 6. c4 O-O 7. Nc3 e6 8. Qc2
d6 9. Rd1 Nbd7 10. e4 Qe7 11. b4 a5 12. bxa5 Rxa5 13. a4 e5 14. d5 Nc5 15. Bd2
Rfa8 16. Ra3 Bc8 17. Rda1 R5a6 18. Ne1 Bd7 19. Nb5 Bxb5 20. cxb5 R6a7 21. f3 h5
22. Nd3 Nxd3 23. Qxd3 Nd7 24. Be3 Bf6 25. R1a2 h4 26. f4 hxg3 27. hxg3 Kg7 28.
f5 Bg5 29. fxg6 Bxe3+ 30. Qxe3 fxg6 31. Bf1 Nc5 32. Rh2 Rh8 33. Rxh8 Kxh8 34.
Qh6+ Qh7 1/2-1/2

[Event "30. Ciudad de Sevilla 2014"]
[Site "Sevilla ESP"]
[Date "2014.01.13"]
[Round "4.19"]
[White "Coba Moncada, Jacinto"]
[Black "Gomez Rebollo, Alfonso Carlos"]
[Result "0-1"]
[WhiteElo "1961"]
[BlackElo "2150"]
[PlyCount "40"]
[EventDate "2014.01.10"]
[EventType "swiss"]
[EventRounds "9"]
[EventCountry "ESP"]
[Source "lmi"]
[SourceDate "2014.01.10"]

1. c4 f5 2. Nc3 Nf6 3. Nf3 g6 4. g3 Bg7 5. Bg2 O-O 6. O-O d6 7. d3 e5 8. e4 Nc6
9. Rb1 a5 10. a3 Kh8 11. Bg5 h6 12. Bxf6 Qxf6 13. Nd5 Qf7 14. Bh3 fxe4 15. Bxc8
Raxc8 16. Nh4 g5 17. Ng2 Nd4 18. dxe4 Nf3+ 19. Kh1 Qh5 20. h4 Qg4 0-1

[Event "30. Ciudad de Sevilla 2014"]
[Site "Sevilla ESP"]
[Date "2014.01.13"]
[Round "4.20"]
[White "Severijnen, Arjon"]
[Black "Fernandez Quintero, Jose Anton"]
[Result "1-0"]
[WhiteElo "2147"]
[BlackElo "1952"]
[PlyCount "75"]
[EventDate "2014.01.10"]
[EventType "swiss"]
[EventRounds "9"]
[EventCountry "ESP"]
[Source "lmi"]
[SourceDate "2014.01.10"]

1. e4 e6 2. d4 d5 3. Nc3 Nf6 4. Bg5 dxe4 5. Nxe4 Be7 6. Bxf6 gxf6 7. Nf3 f5 8.
Nc3 a6 9. Qd2 b5 10. g3 Bb7 11. Bg2 Nd7 12. O-O h5 13. Rad1 Nf8 14. Ne5 Bxg2
15. Kxg2 b4 16. Ne2 h4 17. Nf4 Bg5 18. Qxb4 Bxf4 19. gxf4 Rg8+ 20. Kh1 Qd5+ 21.
f3 h3 22. c4 Qd6 23. Qa4+ Ke7 24. d5 Kf6 25. Qa5 Qb6 26. Qc3 Ke7 27. c5 Qb5 28.
Nc6+ Ke8 29. Nd4 Qb7 30. Nxf5 Rb8 31. Qf6 exf5 32. Rfe1+ Ne6 33. Rxe6+ fxe6 34.
Qxe6+ Kf8 35. Qf6+ Ke8 36. Re1+ Kd7 37. c6+ Kc8 38. Qe6+ 1-0

[Event "30. Ciudad de Sevilla 2014"]
[Site "Sevilla ESP"]
[Date "2014.01.14"]
[Round "5.1"]
[White "Ducarmon, Quinten"]
[Black "Turov, Maxim"]
[Result "1/2-1/2"]
[WhiteElo "2456"]
[BlackElo "2586"]
[PlyCount "38"]
[EventDate "2014.01.10"]
[EventType "swiss"]
[EventRounds "9"]
[EventCountry "ESP"]
[Source "lmi"]
[SourceDate "2014.01.10"]

1. e4 c6 2. Nc3 d5 3. Nf3 Bg4 4. h3 Bxf3 5. Qxf3 e6 6. d4 dxe4 7. Qxe4 Nf6 8.
Qd3 Nbd7 9. g3 Be7 10. Bg2 O-O 11. O-O Qb6 12. b3 Rfd8 13. Bb2 a5 14. a3 Qa6
15. Qxa6 Rxa6 16. Rfe1 Nb6 17. Bf1 Raa8 18. Rad1 Rd7 19. Nb1 Rad8 1/2-1/2

[Event "30. Ciudad de Sevilla 2014"]
[Site "Sevilla ESP"]
[Date "2014.01.14"]
[Round "5.2"]
[White "Guerreiro, Nuno"]
[Black "Matamoros Franco, Carlos S"]
[Result "0-1"]
[WhiteElo "2161"]
[BlackElo "2531"]
[PlyCount "66"]
[EventDate "2014.01.10"]
[EventType "swiss"]
[EventRounds "9"]
[EventCountry "ESP"]
[Source "lmi"]
[SourceDate "2014.01.10"]

1. Nf3 Nf6 2. g3 g6 3. Bg2 Bg7 4. O-O O-O 5. c4 d6 6. Nc3 e5 7. d3 h6 8. Rb1 a5
9. c5 Nc6 10. cxd6 cxd6 11. d4 e4 12. Ne1 d5 13. Nc2 Re8 14. b4 axb4 15. Nxb4
Bf5 16. Nc2 b6 17. Ne3 Be6 18. Qd2 h5 19. Qd1 Ng4 20. Nc2 Na5 21. h3 Nh6 22.
Bxh6 Bxh6 23. Rb5 Rc8 24. Na4 Nc4 25. Qa1 Qd7 26. Rfb1 Bxh3 27. Ne1 h4 28. gxh4
Qg4 29. Nxb6 Bxg2 30. Nxg2 Ne3 31. fxe3 Bxe3+ 32. Kh2 Bf2 33. R1b3 e3 0-1

[Event "30. Ciudad de Sevilla 2014"]
[Site "Sevilla ESP"]
[Date "2014.01.14"]
[Round "5.3"]
[White "Narciso Dublan, Marc"]
[Black "Campora, Daniel H"]
[Result "1/2-1/2"]
[WhiteElo "2521"]
[BlackElo "2460"]
[PlyCount "104"]
[EventDate "2014.01.10"]
[EventType "swiss"]
[EventRounds "9"]
[EventCountry "ESP"]
[Source "lmi"]
[SourceDate "2014.01.10"]

1. d4 Nf6 2. c4 e6 3. Nc3 Bb4 4. Qc2 c5 5. dxc5 Nc6 6. Nf3 Bxc5 7. Bg5 Be7 8.
Rd1 O-O 9. g3 h6 10. Bc1 a6 11. Bg2 d6 12. O-O Bd7 13. Bf4 e5 14. Be3 b5 15.
Nd2 Rc8 16. b3 Be6 17. Nde4 bxc4 18. bxc4 Nxe4 19. Qxe4 Nd4 20. Bxd4 Rxc4 21.
Nd5 Bxd5 22. Qxd5 Rxd4 23. Rxd4 exd4 24. Rb1 Qc7 25. Rb7 Qc1+ 26. Bf1 Bf6 27.
Qxd6 Qc4 28. e4 Qxa2 29. e5 Bd8 30. Qxd4 Qa3 31. Bc4 Be7 32. Kg2 Qc5 33. Qxc5
Bxc5 34. f4 a5 35. f5 a4 36. g4 a3 37. h4 Ra8 38. Rxf7 Kh8 39. e6 a2 40. Bxa2
Rxa2+ 41. Kf3 Kg8 42. Rc7 Bd6 43. Rc8+ Kh7 44. g5 hxg5 45. hxg5 Ra4 46. Rc6 Be7
47. f6 gxf6 48. Rc7 fxg5 49. Rxe7+ Kg6 50. Rb7 Kf6 51. e7 Kf7 52. Rc7 Rf4+
1/2-1/2

[Event "30. Ciudad de Sevilla 2014"]
[Site "Sevilla ESP"]
[Date "2014.01.14"]
[Round "5.4"]
[White "Haslinger, Stewart G"]
[Black "Van Der Weide, Karel"]
[Result "1/2-1/2"]
[WhiteElo "2548"]
[BlackElo "2449"]
[PlyCount "102"]
[EventDate "2014.01.10"]
[EventType "swiss"]
[EventRounds "9"]
[EventCountry "ESP"]
[Source "lmi"]
[SourceDate "2014.01.10"]

1. e4 e6 2. d4 d5 3. Nd2 Nf6 4. e5 Nfd7 5. c3 c5 6. Bd3 Nc6 7. Ne2 cxd4 8. cxd4
Nb6 9. O-O Bd7 10. f4 g6 11. Rf3 h5 12. Rh3 Bh6 13. Nf3 Qe7 14. a4 a5 15. Nc3
O-O-O 16. Nb5 Kb8 17. Bd2 Nb4 18. Bf1 Nc8 19. Qb3 Bc6 20. Ne1 b6 21. Bxb4 Qxb4
22. Qxb4 axb4 23. Nc2 Bxb5 24. Bxb5 Na7 25. Nxb4 Rc8 26. Rf3 Bf8 27. Rb3 Rc4
28. Na6+ Kb7 29. Bxc4 dxc4 30. Rc3 Kxa6 31. Rxc4 Bh6 32. Rc7 Rc8 33. Rac1 Rxc7
34. Rxc7 Bxf4 35. Kf2 Bxh2 36. g3 h4 37. gxh4 f6 38. b4 b5 39. axb5+ Kb6 40.
Re7 fxe5 41. dxe5 Nxb5 42. Rxe6+ Kc7 43. Kg2 Nd4 44. Rxg6 Bxe5 45. h5 Nc2 46.
b5 Na3 47. h6 Bd4 48. Rg4 Bh8 49. Rg8 Bd4 50. Rg4 Bh8 51. Rg8 Bb2 1/2-1/2

[Event "30. Ciudad de Sevilla 2014"]
[Site "Sevilla ESP"]
[Date "2014.01.14"]
[Round "5.5"]
[White "Teran Alvarez, Ismael"]
[Black "Sgnaolin, Davide"]
[Result "1-0"]
[WhiteElo "2412"]
[BlackElo "2221"]
[PlyCount "125"]
[EventDate "2014.01.10"]
[EventType "swiss"]
[EventRounds "9"]
[EventCountry "ESP"]
[Source "lmi"]
[SourceDate "2014.01.10"]

1. e4 c5 2. Nf3 Nc6 3. Bb5 g6 4. Bxc6 bxc6 5. O-O Bg7 6. Re1 Nf6 7. e5 Nd5 8.
c4 Nc7 9. d4 cxd4 10. Qxd4 d5 11. Nc3 Be6 12. Qh4 h6 13. Nd4 Qd7 14. cxd5 Bxd5
15. Nxd5 Qxd5 16. Be3 c5 17. Nb3 Ne6 18. Rad1 Qc6 19. Na5 Qb5 20. Nc4 Nd4 21.
b3 Nf5 22. Qe4 O-O 23. e6 fxe6 24. Qxe6+ Kh7 25. Qe4 Rae8 26. Ne5 Bxe5 27. Qxe5
Nxe3 28. Rxe3 Rf5 29. Qc7 Rf7 30. Rde1 Qb6 31. Qd7 Rd8 32. Qg4 Qf6 33. Qe2 e5
34. Rxe5 Rdd7 35. h3 Rc7 36. Re6 Qf5 37. Re8 Qf6 38. Re6 Qf5 39. Re3 Qd5 40.
Rd3 Qg5 41. Rg3 Qf5 42. Rf3 Qd5 43. Rd1 Qg5 44. Rxf7+ Rxf7 45. Qd2 Qf5 46. Qe3
Qc2 47. Qd2 Qf5 48. Rc1 Rd7 49. Qe3 Rc7 50. h4 Qd5 51. Qf4 Rf7 52. Qc4 Rd7 53.
Qxc5 Qd2 54. Qc2 Qf4 55. h5 Qf5 56. hxg6+ Qxg6 57. Qxg6+ Kxg6 58. Rc6+ Kg5 59.
Ra6 Rf7 60. f3 Rc7 61. Kf2 Re7 62. Ra5+ Kg6 63. g4 1-0

[Event "30. Ciudad de Sevilla 2014"]
[Site "Sevilla ESP"]
[Date "2014.01.14"]
[Round "5.6"]
[White "Simonian, Tigran"]
[Black "Congiu, Mathilde"]
[Result "0-1"]
[WhiteElo "2412"]
[BlackElo "2226"]
[PlyCount "63"]
[EventDate "2014.01.10"]
[EventType "swiss"]
[EventRounds "9"]
[EventCountry "ESP"]
[Source "lmi"]
[SourceDate "2014.01.10"]

1. d4 Nf6 2. c4 g6 3. Nc3 Bg7 4. e4 d6 5. h3 O-O 6. Bg5 Qe8 7. Bd3 e5 8. d5 Nh5
9. Nge2 f6 10. Be3 f5 11. exf5 gxf5 12. g4 Nf4 13. gxf5 Ng2+ 14. Kd2 Bxf5 15.
Bxf5 Rxf5 16. Ne4 Qf7 17. N2g3 Rf3 18. Ng5 Rxf2+ 19. Bxf2 Qxf2+ 20. Qe2 Qf4+
21. Kc2 Ne3+ 22. Kb3 Qxg3 23. Rag1 Ng2+ 24. Ka4 b5+ 25. Kxb5 a6+ 26. Ka5 Qxg5
27. Rxg2 Qd8 28. Rhg1 c5+ 29. Ka4 Ra7 30. Qd2 Rb7 31. Ka3 Kh8 32. b4 0-1

[Event "30. Ciudad de Sevilla 2014"]
[Site "Sevilla ESP"]
[Date "2014.01.14"]
[Round "5.7"]
[White "Pogorelov, Ruslan"]
[Black "Munoz Gonzalo, David"]
[Result "1/2-1/2"]
[WhiteElo "2377"]
[BlackElo "1857"]
[PlyCount "62"]
[EventDate "2014.01.10"]
[EventType "swiss"]
[EventRounds "9"]
[EventCountry "ESP"]
[Source "lmi"]
[SourceDate "2014.01.10"]

1. Nf3 g6 2. c4 Bg7 3. d4 Nf6 4. Nc3 d5 5. cxd5 Nxd5 6. e4 Nxc3 7. bxc3 c5 8.
Rb1 O-O 9. Be2 Nc6 10. d5 Bxc3+ 11. Bd2 Bxd2+ 12. Qxd2 Na5 13. h4 Bg4 14. h5
Bxf3 15. gxf3 e5 16. hxg6 fxg6 17. Qc3 Re8 18. Qxc5 b6 19. Qe3 Rc8 20. f4 Qf6
21. Qh3 Rc7 22. fxe5 Qxe5 23. f3 Nb7 24. Qh2 Qe7 25. Bb5 Rec8 26. Bc6 Qc5 27.
Qf2 Qc3+ 28. Kf1 Nd8 29. Bb5 Qe5 30. Re1 Rc1 31. Kg2 Qg5+ 1/2-1/2

[Event "30. Ciudad de Sevilla 2014"]
[Site "Sevilla ESP"]
[Date "2014.01.14"]
[Round "5.8"]
[White "Morais, Vitor"]
[Black "Montero Melendez, Rafael"]
[Result "0-1"]
[WhiteElo "2035"]
[BlackElo "2350"]
[PlyCount "64"]
[EventDate "2014.01.10"]
[EventType "swiss"]
[EventRounds "9"]
[EventCountry "ESP"]
[Source "lmi"]
[SourceDate "2014.01.10"]

1. Nf3 Nf6 2. g3 b6 3. Bg2 Bb7 4. O-O c5 5. d3 d5 6. Nbd2 g6 7. c4 d4 8. Rb1
Nbd7 9. a3 Bg7 10. b4 O-O 11. Nb3 Bc6 12. b5 Bb7 13. a4 e5 14. Bd2 Re8 15. a5
Rc8 16. e4 dxe3 17. fxe3 e4 18. Ng5 h6 19. Nxe4 Nxe4 20. dxe4 Bxe4 21. Bxe4
Rxe4 22. Qc2 Qe7 23. Rf4 Re8 24. Rbf1 f5 25. Qd3 Nf6 26. Bc1 h5 27. Rd1 Re6 28.
axb6 axb6 29. Rff1 h4 30. Rf2 Qb7 31. Rf4 hxg3 32. hxg3 Bh6 0-1

[Event "30. Ciudad de Sevilla 2014"]
[Site "Sevilla ESP"]
[Date "2014.01.14"]
[Round "5.9"]
[White "Padeiro, Jose"]
[Black "Gaitan Ramirez, Alfonso"]
[Result "1-0"]
[WhiteElo "2337"]
[BlackElo "2020"]
[PlyCount "96"]
[EventDate "2014.01.10"]
[EventType "swiss"]
[EventRounds "9"]
[EventCountry "ESP"]
[Source "lmi"]
[SourceDate "2014.01.10"]

1. Nf3 d5 2. d4 Nf6 3. c4 e6 4. Nc3 c5 5. e3 a6 6. a3 Nc6 7. Bd3 dxc4 8. Bxc4
b5 9. Ba2 Bb7 10. O-O Be7 11. Qd3 O-O 12. Rd1 cxd4 13. exd4 b4 14. Na4 Qa5 15.
Bb3 Qh5 16. Bf4 Nd5 17. Bxd5 exd5 18. Rac1 Qg4 19. Bc7 Qe4 20. Bb6 Qxd3 21.
Rxd3 bxa3 22. bxa3 Rfe8 23. Bc5 Bd8 24. Bd6 Na5 25. Nb2 Re2 26. Rd2 Rxd2 27.
Nxd2 Rc8 28. Re1 Bf6 29. Bc5 h6 30. Nd3 Nc4 31. Nf3 g6 32. h4 h5 33. Be7 Bg7
34. Nc5 Bc6 35. Nxa6 Bb5 36. Nb4 Nxa3 37. Nxd5 Nc2 38. Rc1 Rc4 39. Nb6 Rc6 40.
d5 Rxb6 41. Rxc2 Rb7 42. Rc8+ Kh7 43. Ng5+ Kh6 44. Nxf7+ Kh7 45. d6 Ba4 46. Rc7
Rb1+ 47. Kh2 Rd1 48. Ng5+ Kh6 1-0

[Event "30. Ciudad de Sevilla 2014"]
[Site "Sevilla ESP"]
[Date "2014.01.14"]
[Round "5.10"]
[White "Lillo Castany, Victor"]
[Black "Dominguez Fernandez, Angel"]
[Result "1-0"]
[WhiteElo "2315"]
[BlackElo "2011"]
[PlyCount "67"]
[EventDate "2014.01.10"]
[EventType "swiss"]
[EventRounds "9"]
[EventCountry "ESP"]
[Source "lmi"]
[SourceDate "2014.01.10"]

1. e4 Nf6 2. e5 Nd5 3. d4 d6 4. Nf3 dxe5 5. Nxe5 c6 6. Be2 Nd7 7. Nf3 g6 8. O-O
Bg7 9. c4 Nc7 10. Nc3 O-O 11. Re1 b6 12. Bf1 Bb7 13. Bg5 Ne6 14. Bh4 Nf6 15.
Qd2 Qd7 16. Rad1 Rad8 17. Qc2 Qc8 18. Qb3 h6 19. h3 Kh8 20. Qa3 g5 21. Bg3 g4
22. hxg4 Nxg4 23. d5 cxd5 24. Nxd5 Bxd5 25. cxd5 Nc5 26. b4 Nd7 27. Rxe7 Qc2
28. Rc1 Qf5 29. Qd3 Qf6 30. d6 Qb2 31. Rc7 Ngf6 32. Ne5 Nxe5 33. Bxe5 Qxa2 34.
Rxa7 1-0

[Event "30. Ciudad de Sevilla 2014"]
[Site "Sevilla ESP"]
[Date "2014.01.14"]
[Round "5.11"]
[White "Diaz Castro, Sergio"]
[Black "Gimenez Iturralde, Daniel"]
[Result "1-0"]
[WhiteElo "2256"]
[BlackElo "2004"]
[PlyCount "73"]
[EventDate "2014.01.10"]
[EventType "swiss"]
[EventRounds "9"]
[EventCountry "ESP"]
[Source "lmi"]
[SourceDate "2014.01.10"]

1. d4 c5 2. c3 Nf6 3. dxc5 e6 4. b4 b6 5. cxb6 Qxb6 6. Nd2 Bb7 7. Ngf3 Qc7 8.
Bb2 d5 9. e3 Nbd7 10. Be2 Bd6 11. a3 Ne5 12. c4 dxc4 13. Rc1 O-O 14. Nxc4 Nxc4
15. Rxc4 Qe7 16. O-O Bd5 17. Rh4 Rfd8 18. Qa1 Rac8 19. e4 Bxe4 20. Bxf6 gxf6
21. Rxe4 Kh8 22. Rc1 Rb8 23. Rg4 e5 24. Qb1 Qe6 25. Rh4 f5 26. Rxh7+ Kg8 27.
Rxf7 e4 28. Bc4 Qxc4 29. Rxc4 Kxf7 30. Nd4 Kf6 31. Nxf5 Kxf5 32. Qxe4+ Kf6 33.
Qh4+ Ke6 34. Qg4+ Kf6 35. Qf3+ Ke7 36. Qe3+ Kf6 37. g3 1-0

[Event "30. Ciudad de Sevilla 2014"]
[Site "Sevilla ESP"]
[Date "2014.01.14"]
[Round "5.12"]
[White "Gonzalez Galvan, Juan Manuel"]
[Black "Ataide Molina, Jose Maria"]
[Result "1-0"]
[WhiteElo "2238"]
[BlackElo "1970"]
[PlyCount "55"]
[EventDate "2014.01.10"]
[EventType "swiss"]
[EventRounds "9"]
[EventCountry "ESP"]
[Source "lmi"]
[SourceDate "2014.01.10"]

1. e4 g6 2. Nc3 Bg7 3. f4 c6 4. Nf3 d5 5. d3 Bg4 6. Be2 dxe4 7. Nxe4 Qb6 8. a4
a5 9. Ra3 Nd7 10. Nfd2 Qe3 11. Ng3 Bxe2 12. Nxe2 Qa7 13. Nc4 Nh6 14. Ng3 O-O
15. Be3 Bd4 16. Qe2 Bxe3 17. Nxe3 b5 18. O-O f5 19. d4 b4 20. Rd3 c5 21. Rfd1
Nf6 22. d5 c4 23. Rd4 Rac8 24. Nxc4 Nhg4 25. R1d2 Rfd8 26. Kh1 Nxd5 27. Rxd5
Nf2+ 28. Qxf2 1-0

[Event "30. Ciudad de Sevilla 2014"]
[Site "Sevilla ESP"]
[Date "2014.01.14"]
[Round "5.13"]
[White "Van Hoolandt, Patrick"]
[Black "Vallbona Domingo, Joan"]
[Result "1/2-1/2"]
[WhiteElo "2199"]
[BlackElo "1968"]
[PlyCount "65"]
[EventDate "2014.01.10"]
[EventType "swiss"]
[EventRounds "9"]
[EventCountry "ESP"]
[Source "lmi"]
[SourceDate "2014.01.10"]

1. d4 Nf6 2. c4 c5 3. d5 b5 4. cxb5 a6 5. bxa6 Bxa6 6. Nc3 g6 7. Nf3 d6 8. g3
Bg7 9. Bg2 Nbd7 10. Rb1 O-O 11. O-O Qa5 12. Bd2 Bb7 13. Qc2 Qa7 14. e4 Ba6 15.
Rfd1 Ng4 16. Be1 Rfb8 17. b3 Nge5 18. a4 Nxf3+ 19. Bxf3 Ne5 20. Bg2 c4 21. Nb5
Bxb5 22. axb5 Rxb5 23. bxc4 Rxb1 24. Rxb1 Qc5 25. Qb3 Bf6 26. h3 Kg7 27. Kh2
Ra3 28. Qb5 Qa7 29. Qb6 Qxb6 30. Rxb6 Nxc4 31. Rb1 Ra2 32. Rd1 Nb2 33. Rb1
1/2-1/2

[Event "30. Ciudad de Sevilla 2014"]
[Site "Sevilla ESP"]
[Date "2014.01.14"]
[Round "5.14"]
[White "Mendez Juanes, Javier"]
[Black "Valenti, Giuseppe"]
[Result "0-1"]
[WhiteElo "1974"]
[BlackElo "2172"]
[PlyCount "78"]
[EventDate "2014.01.10"]
[EventType "swiss"]
[EventRounds "9"]
[EventCountry "ESP"]
[Source "lmi"]
[SourceDate "2014.01.10"]

1. d4 Nf6 2. c4 e6 3. Nf3 c5 4. e3 d5 5. Nc3 Nc6 6. cxd5 exd5 7. Be2 Be7 8. O-O
O-O 9. b3 Ne4 10. Bb2 Be6 11. dxc5 Bxc5 12. Nb5 Qe7 13. Nbd4 Rad8 14. a3 Bc8
15. b4 Bd6 16. Rc1 Ne5 17. Rc2 Ng4 18. h3 Ngf6 19. Nh2 a6 20. Ng4 Nxg4 21. Bxg4
f5 22. Be2 Bd7 23. Nf3 Ba4 24. Qxd5+ Kh8 25. Qc4 Bxc2 26. Qxc2 Rfe8 27. Bd4 Rc8
28. Qb2 a5 29. Rb1 axb4 30. axb4 Rf8 31. Ne5 f4 32. Nc4 fxe3 33. Bxe3 Bf4 34.
Bc5 Nxc5 35. bxc5 Qxc5 36. Qb6 Rfe8 37. Bf1 Re7 38. g3 Bb8 39. Na5 Ba7 0-1

[Event "30. Ciudad de Sevilla 2014"]
[Site "Sevilla ESP"]
[Date "2014.01.14"]
[Round "5.15"]
[White "Gomez Rebollo, Alfonso Carlos"]
[Black "Machlik, Monika"]
[Result "1/2-1/2"]
[WhiteElo "2150"]
[BlackElo "1941"]
[PlyCount "133"]
[EventDate "2014.01.10"]
[EventType "swiss"]
[EventRounds "9"]
[EventCountry "ESP"]
[Source "lmi"]
[SourceDate "2014.01.10"]

1. e4 Nf6 2. e5 Nd5 3. d4 d6 4. Nf3 g6 5. Bc4 Nb6 6. Bb3 Bg7 7. exd6 cxd6 8.
O-O O-O 9. Re1 Nc6 10. c3 Bf5 11. Bg5 Re8 12. Nbd2 Na5 13. Nf1 Nxb3 14. axb3
Nd5 15. Ng3 Bd7 16. Qd2 Nf6 17. Ne4 Nxe4 18. Rxe4 Bf5 19. Ree1 Bg4 20. Qf4 Bxf3
21. Qxf3 Qd7 22. d5 b5 23. b4 Qc7 24. Ra5 Rab8 25. Qd3 Qd7 26. Rea1 Rb7 27. h3
Rc8 28. Be3 Ra8 29. Ra6 Bf6 30. f4 h5 31. f5 Qxf5 32. Qxf5 gxf5 33. Rf1 e6 34.
dxe6 fxe6 35. Rxd6 Kf7 36. Ra6 Rd7 37. Rfa1 e5 38. Kf2 f4 39. Rxa7 Rdxa7 40.
Rxa7+ Rxa7 41. Bxa7 Ke6 42. Bb8 Kf5 43. Ke2 e4 44. Bc7 Bg5 45. b3 Ke6 46. c4
Kd7 47. Be5 Kc6 48. Bc3 Kb6 49. Bd4+ Kc6 50. Bc3 Kb6 51. Be1 h4 52. Bc3 Kc6 53.
Be5 Kb6 54. Bd4+ Kc6 55. Be5 Kb6 56. Kd1 Kc6 57. Kc2 Kb6 58. Bd4+ Kc6 59. Be5
Kb6 60. Kc3 Kc6 61. Kc2 Kb6 62. Bd4+ Kc6 63. Kc3 Be7 64. Bf2 Bg5 65. Kc2 Be7
66. Kc3 Bf6+ 67. Kc2 1/2-1/2

[Event "30. Ciudad de Sevilla 2014"]
[Site "Sevilla ESP"]
[Date "2014.01.14"]
[Round "5.16"]
[White "De Bordons Alba, Cesar"]
[Black "Severijnen, Arjon"]
[Result "0-1"]
[WhiteElo "1931"]
[BlackElo "2147"]
[PlyCount "82"]
[EventDate "2014.01.10"]
[EventType "swiss"]
[EventRounds "9"]
[EventCountry "ESP"]
[Source "lmi"]
[SourceDate "2014.01.10"]

1. d4 g6 2. c4 Bg7 3. Nc3 d6 4. e4 Nc6 5. Be3 e5 6. d5 Nd4 7. Nge2 Nxe2 8. Bxe2
Ne7 9. Rc1 f5 10. f3 O-O 11. O-O f4 12. Bf2 g5 13. b4 Ng6 14. c5 Rf7 15. Qc2
Bf8 16. Rfd1 h5 17. h3 Rg7 18. cxd6 Bxd6 19. Nb5 a6 20. Nxd6 cxd6 21. Rd3 Nh4
22. Rc3 Bd7 23. Rc7 Qf6 24. Rxb7 Rf8 25. Qd1 g4 26. fxg4 hxg4 27. Bxg4 f3 28.
Rxd7 Rxg4 29. hxg4 fxg2 30. Qe2 Nf3+ 31. Kxg2 Qf4 32. Rh1 Qxg4+ 33. Kf1 Qxd7
34. Qxa6 Rc8 35. Qa7 Rc1+ 36. Ke2 Nd4+ 37. Bxd4 Qb5+ 38. Kf3 Rxh1 39. Bf2 Qd3+
40. Kg4 Qxe4+ 41. Kg5 Qf4+ 0-1

[Event "30. Ciudad de Sevilla 2014"]
[Site "Sevilla ESP"]
[Date "2014.01.14"]
[Round "5.17"]
[White "Curado, Manuel Joao Ferro"]
[Black "Silva Lucena, Cristian"]
[Result "0-1"]
[WhiteElo "1915"]
[BlackElo "2126"]
[PlyCount "58"]
[EventDate "2014.01.10"]
[EventType "swiss"]
[EventRounds "9"]
[EventCountry "ESP"]
[Source "lmi"]
[SourceDate "2014.01.10"]

1. e4 c5 2. Nf3 e6 3. d4 cxd4 4. Nxd4 Nf6 5. Nc3 d6 6. Be2 a6 7. O-O Nbd7 8.
Be3 b5 9. a3 Bb7 10. f3 Be7 11. Kh1 Rc8 12. Qe1 O-O 13. Qf2 d5 14. exd5 Nxd5
15. Nxd5 Bxd5 16. Rad1 Bf6 17. c3 Ne5 18. Qg3 Nc4 19. Bc1 Qe7 20. Bd3 Bxd4 21.
cxd4 f5 22. Rfe1 Qb7 23. h4 Na5 24. Bf4 Nc6 25. Bd6 Rf7 26. Bb1 Na5 27. Re2 Nc4
28. Bc5 f4 29. Qg4 Ne3 0-1